1017 1804 1141 1791 1628 1932 1556 1694 1777 1400 1835 1022 1897 1821 1448 1480 1241 1022 1131 1242 1176 1923 1564 1490 1455 1543 1084 1284 1718 1507 1204 1631 1271 1828 1466 1161 1244 1376 1700 1147 1757 1444 1256 1822 1832 1139 1315 1482 1423 1989 1380 1532 1233 1432 1775 1087 1269 1372 1259 1499 1522 1128 1408 1423 1921 1720 1561 1925 1160 1727 1936 1466 1346 1731 1032 1698 1868 1392 1436 1107 1226 1657 1079 1581 1938 1174 1122 1078 1480 1074 1038 1067 1598 1182 1275 1389 1116 1288 1628 BCNSPRNW ULIB Ver.6.0+V

เปลี่ยนเป็นภาษาไทย

Change to English
 แสดงรายละเอียดบรรณานุกรม
  กลับหน้าหลัก

Brief Record : Get Marc (ISO 2709) : E-mail record : QR code < ปิดหน้าต่าง
LEADER : 00000nam 2200000uu 4500
001    13399121261
003     ULIB
008    111005s2555||||th 000 0 tha d
020    9786167004501
050 04 TT873.2^bอ525บ
100 0  อัญชลี จรรยารยชน
245 10 บายศรี /^cอัญชลี จรรยารยชน
250    พิมพ์ครั้งที่ 1
260    กรุงเทพฯ :^bเพชรการเรือน,^c2555
300    168 หน้า :^bภาพประกอบสี
650  7 การประดิษฐ์ด้วยใบตอง
650  7 บายศรี
945    ^p250^l0^i033034
995    ทศพร
999 ^a ทศพร
รายการนี้ยังไม่มีแท็ก
คุณยังไม่ได้ล็อกอิน คุณสามารถมีกิจกรรมร่วมกับเว็บไซต์ได้ แต่ต้องล็อกอินก่อน ::
  ล็อกอิน

รายการสื่อสารสนเทศ

ลำดับที่ ประเภท เลขเรียก/บาร์โค้ด สถานที่ สถานะ
1. วิทยาศาสตร์การแพทย์ และสุขภาพ
หนังสือสำรอง
สถานะ=หนังสือสำรอง
TT873.2 อ525บ ฉ.1 
  Barcode: 033034
ห้องสมุดวิทยาเขตสวรรค์ประชารักษ์
►หนังสือทั่วไป
บนชั้น

รายการใกล้เคียง
    ผู้แต่ง [อัญชลี จรรยารยชน]

    หัวเรื่อง [การประดิษฐ์ด้วยใบตอง]
    หัวเรื่อง [บายศรี]

BibComment


ยังไม่เคยถูกคอมเมนท์

คอมเมนท์ทรัพยากรรายการนี้
  คอมเมนท์: บายศรี อัญชลี จร..


 Copyright 2026. Bcnsprnw @Library